| 000 | 00536cam a2200169 4500500 | ||
|---|---|---|---|
| 005 | 20260329002249.0 | ||
| 041 | _afre | ||
| 042 | _adc | ||
| 100 | 1 | 0 |
_aBognon-Küss, Cécilia _eauthor |
| 245 | 0 | 0 | _aCicéron. La conscience de la République |
| 260 | _c2011. | ||
| 500 | _a85 | ||
| 690 | _aPhilosophie antique | ||
| 690 | _aTyran | ||
| 786 | 0 | _nPhilosophie magazine | 53 | 10 | 2011-10-01 | p. 34-35 | 1951-1787 | |
| 856 | 4 | 1 | _uhttps://shs.cairn.info/magazine-philosophie-magazine-2011-10-page-34?lang=fr&redirect-ssocas=7080 |
| 999 |
_c1813318 _d1813318 |
||